000 00693 a2200205 4500
999 _c196533
_d196533
005 20230714123722.0
010 _aENG-137392
020 _a978392933042
_c520.00
035 _aEN-120924
037 _bDBAD/Pub
082 1 4 _a006.37
100 1 _aPatra, P. Santosh Kumar
245 1 _aComputer Vision
_cP. Santosh Kumar Patra, G. Govinda Rajulu [and] J. Venkatarangan
260 _aHyderabad
_bSevenHills International Publishers
_c2023
270 _a7-1-277/242, 2nd floor near B K Guda Park, S R Nagar
_bHyderabad
_e500 038
300 _axiv, 202p.;
_c24cm(pbk)
700 _aRajulu,G. Govinda
700 _aVenkatarangan, J.
942 _cEN
_2ddc
_h006.37
_mPAT
_eFirst